Caricamento...
Karnatak samskrithi /
| Autore principale: | |
|---|---|
| Natura: | Printed Book |
| Lingua: | Hindi |
| Pubblicazione: |
Dhakshin Bharath Hindi Prachaar Sabha ,
1973.
|
| LEADER | 00507nam a2200145Ia 4500 | ||
|---|---|---|---|
| 008 | 150624b xxu||||| |||| 00| | hin d | ||
| 082 | |a 294.14K | ||
| 100 | |a Sharerandr Chulkimad | ||
| 245 | |c Sharerandr Chulkimad |a Karnatak samskrithi / | ||
| 260 | |b Dhakshin Bharath Hindi Prachaar Sabha , |c 1973. | ||
| 300 | |a 155 p. | ||
| 546 | |a In Hindi. | ||
| 942 | |c BK | ||
| 999 | |c 89367 |d 89367 | ||
| 952 | |0 1 |1 0 |4 0 |6 294_000000000000000_14K_KES_K_H |7 0 |9 89311 |a UL |b UL |c ST1 |d 1998-09-15 |l 0 |o 294.14K KES/K H |p 25482 |r 2012-10-27 |w 2012-10-27 |y BK | ||